Noms de jeux vidéos traduits littéralement - Statistiques

Statistiques générales
  • Ce quiz a été pris 327 fois
  • Le résultat moyen est 8 sur 20
Statistiques - réponses
Hint Réponse % Correct
Rédemption Rouge Mort Red Dead Redemption
98%
Serpent Snake
83%
Vol de Véhicule Grand Theft Auto
75%
Appel du Devoir Call of Duty
71%
Surfeurs de Métro Subway Surfers
66%
Il Faut Être Deux It Takes Two
48%
Contre-Attaque Offensive Mondiale Counter-Strike: Global Offensive
46%
Traversée d'Animaux Animal Crossing
45%
Juste Parce Que Just Cause
40%
Chiens de Garde Watch Dogs
40%
Chute Humaine à Plat Human Fall Flat
39%
Champs de Bataille du Joueur Inconnu PlayerUnknown's Battlegrounds
35%
Mort à la Lueur du Jour Dead by Daylight
30%
Chevalier Creux Hollow Knight
27%
Engrenages de la Guerre Gears of War
21%
Dessous de Conte Undertale
18%
Entreprise Mortelle Lethal Company
12%
Attaché à la Terre Earthbound
11%
Échouage Mortel Death Stranding
6%
S'en Remettre avec Bennett Foddy Getting Over It with Bennett Foddy
6%
Aucun quiz correspondant
Distribution des résultats
% des personnes avec chaque résultat
Percentile par nombre de réponses
Votre historique - résultats
Vous n’avez pas pris ce quiz